| 000 | 01132nam a2200301 c 4500 | ||
|---|---|---|---|
| 999 |
_c134683 _d134683 |
||
| 003 | BLK | ||
| 005 | 20241114005504.0 | ||
| 008 | 180409b bul|||||r ||||||| ||bul|| | ||
| 010 | _aKNG00140598000 | ||
| 040 | _aBLK | ||
| 041 |
_aBUL _cBUL |
||
| 080 |
_aБългарска литература _b821.163.2 _x-1(081.2) _z821.163.2-1(081.2) |
||
| 100 |
_aГабе, Дора Петрова _gПоетеса и писателка. Преводачка от полски език. _d1886-1983 _qГабе, Изидора Петрова _9369524 |
||
| 139 |
_aГабе, Дора Петрова _bГ 13 |
||
| 245 | 1 | 0 |
_aИзбрани стихове _bВ 2 т. _cДора Габе. _nТ. 1 |
| 257 | _aBGR | ||
| 260 |
_bБълг. писател _c1978 - _aСофия |
||
| 300 | _c21 см | ||
| 380 | _aX | ||
| 760 | 1 |
_aГабе, Дора _d1978 _h255 с., 1 л. : портр. _tТ. 1 |
|
| 852 | _aЦб 93396 | ||
| 856 | 4 |
_qpdf _i0.00 _ldisable |
|
| 856 | 4 |
_qpdf _i0.00 _ldisable |
|
| 942 |
_cKNG _n0 _s1 |
||
| 944 |
_aCR _c12.03.2013 _lCRON CRON _k |
||
| 944 |
_aED _c12.03.2013 _l12.03.2013 - от С1,Р / 12.03.2013 |
||
| 999 | _d134683 | ||